| 000 | 00000nam##2200000za#4500 |
| 001 | 9.615777 |
| 003 | CaOODSP |
| 005 | 20210615101301 |
| 007 | ta |
| 008 | 150406|2001||||xxc||||| f|0| 0 eng|d |
| 040 | |aCaOODSP|beng |
| 043 | |an-cn--- |
| 086 | 1 |aH113-7/2001-10E |
| 110 | 1 |aCanada. |bPest Management Regulatory Agency. |
| 245 | 10|aSpinosad: SuccessTM 480SC Naturalyte Insect Control Product, ConserveTM 480SC Naturalyte Insect Control Product |
| 260 | |aOttawa - Ontario : |bHealth Canada. |c2001. |
| 300 | |a70p. : |btables ; |c28 cm. |
| 490 | 1 |aRegulatory note |vREG2001-10 |
| 500 | |a"This Regulatory note provides a summary of data reviewed and the rationale for the regulatory decision regarding these products."--Title page. "...for the control of insect pests on apples, outdoor ornamentals, and turf..."--Title page. |
| 520 | 3 |aThis Regulatory note provides a summary of data reviewed and the rationale for the regulatory decision regarding these products.--Title page ...for the control of insect pests on apples, outdoor ornamentals, and turf...--Title page |
| 563 | |aSoftcover |
| 590 | |a01-41|b2001-10-12 |
| 690 | 07|aInsecticides|2gcpds |
| 690 | 07|aInsects|2gcpds |
| 775 | 08|tSpinosad: Insecticide Successmd 480SC Naturalyte, Insecticide Conservemd 480SC Naturalyte |w(CaOODSP)9.625796 |
| 776 | 0#|tSpinosad - Success [TM] 480SC Naturalyte Insect Control Product - Conserve [TM] 480SC Naturalyte Insect Control Product |w(CaOODSP)9.572697 |
| 830 | #0|aRegulatory note ;|vREG2001-10|w(CaOODSP)9.514702 |